Let us C. (Record no. 74)
[ view plain ]
| 000 -LEADER | |
|---|---|
| fixed length control field | 00489cam a2200205ua 4500 |
| 008 - FIXED-LENGTH DATA ELEMENTS--GENERAL INFORMATION | |
| fixed length control field | 110316n ii |||gr||||Z||||||eng |
| 020 ## - INTERNATIONAL STANDARD BOOK NUMBER | |
| International Standard Book Number | 978-81-8333-163-0 |
| 020 ## - INTERNATIONAL STANDARD BOOK NUMBER | |
| International Standard Book Number | 81-8333-163-7 |
| 040 ## - CATALOGING SOURCE | |
| Transcribing agency | MAIN |
| 082 ## - DEWEY DECIMAL CLASSIFICATION NUMBER | |
| Classification number | 005 |
| 245 ## - TITLE STATEMENT | |
| Title | Let us C. |
| Statement of responsibility, etc. | By Yashvant Kanetkar. |
| 250 ## - EDITION STATEMENT | |
| Edition statement | 9th. |
| 260 ## - PUBLICATION, DISTRIBUTION, ETC. | |
| Place of publication, distribution, etc. | New Delhi.: |
| Name of publisher, distributor, etc. | BPB., |
| Date of publication, distribution, etc. | 2009. |
| 300 ## - PHYSICAL DESCRIPTION | |
| Extent | xix, 758 p.: |
| Other physical details | ill.;8 cm. |
| 700 ## - ADDED ENTRY--PERSONAL NAME | |
| Personal name | Kanetkar, Yashvant., |
| 942 ## - ADDED ENTRY ELEMENTS (KOHA) | |
| Koha item type | Books |
| 653 ## - INDEX TERM--UNCONTROLLED | |
| Uncontrolled term | Computer Science. |
| 653 ## - INDEX TERM--UNCONTROLLED | |
| Uncontrolled term | Let us C. |
| Withdrawn status | Lost status | Damaged status | Not for loan | Home library | Current library | Shelving location | Date acquired | Total Checkouts | Full call number | Barcode | Date due | Date last seen | Date last checked out | Copy number | Price effective from | Koha item type |
|---|---|---|---|---|---|---|---|---|---|---|---|---|---|---|---|---|
| Central Library, Naharkatiya College | Central Library, Naharkatiya College | General Stacks | 19/09/2020 | 1 | 005 | KAN | 19103 | 30/07/2025 | 30/06/2025 | 30/06/2025 | 1 | 19/09/2020 | Books |
